[Event "ISR-chT U18"]
[Site "Hakfar Hayarok"]
[Date "2014.08.20"]
[Round "5.7"]
[White "Monteriano, Eran"]
[Black "Ben Ari, Yannay"]
[Result "1-0"]
[WhiteElo "1956"]
[BlackElo "1614"]
[PlyCount "59"]
[EventDate "2014.08.19"]
[EventType "team"]
[EventRounds "7"]
[EventCountry "ISR"]
[SourceTitle "EXT 2015"]
[Source "ChessBase"]
[SourceDate "2014.11.20"]
[SourceVersion "1"]
[SourceVersionDate "2014.11.20"]
[SourceQuality "1"]

1. d4 Nf6 2. c4 e6 3. Nc3 Bb4 4. Qc2 d5 5. e3 0-0 6. cxd5 exd5 7. Bd3 Nbd7 8. Nge2 b6 9. 0-0 Bb7 10. Bd2 Rc8 11. Rae1 c5 12. a3 Bxc3 13. Nxc3 Re8 14. f3 h6 15. Bc1 a6 16. Qf2 Nf8 17. Ne2 Qc7 18. Ng3 g6 19. e4 Kg7 20. e5 Ng8 21. f4 cxd4 22. f5 Rxe5 23. Bf4 Rxe1 24. Qxd4+ Kh7 25. Bxc7 Rxf1+ 26. Nxf1 Rxc7 27. Qxb6 Re7 28. Qd8 Kg7 29. f6+ Nxf6 30. Qxe7 1-0

[Event "EU-ch U14"]
[Site "Prague"]
[Date "2012.08.19"]
[Round "3"]
[White "Monteriano, Eran"]
[Black "Huber, Martin Christian"]
[Result "0-1"]
[WhiteElo "1947"]
[BlackElo "2185"]
[PlyCount "128"]
[EventDate "2012.08.17"]
[EventType "swiss"]
[EventRounds "9"]
[EventCountry "CZE"]
[SourceTitle "CBM 150 Extra"]
[Source "ChessBase"]
[SourceDate "2012.10.19"]
[SourceVersion "1"]
[SourceVersionDate "2012.10.19"]
[SourceQuality "1"]

1. e4 c5 2. Nf3 e6 3. d4 cxd4 4. Nxd4 Nc6 5. Nc3 Qc7 6. Be3 a6 7. Be2 Nf6 8. 0-0 Be7 9. f4 d6 10. Qe1 0-0 11. Bf3 Nxd4 12. Bxd4 e5 13. Bf2 exf4 14. Qd2 Be6 15. Qxf4 Nd7 16. Bd4 Ne5 17. Rae1 Bf6 18. Rd1 b5 19. Kh1 Rac8 20. Rf2 Rfe8 21. Nd5 Bxd5 22. exd5 Ng6 23. Qd2 Bxd4 24. Qxd4 Qa5 25. Rdf1 Re1 26. Bg4 Rxf1+ 27. Rxf1 Re8 28. Qf2 Ne5 29. Bd7 Rd8 30. Bf5 g6 31. Bh3 Qc7 32. c3 f5 33. Qg3 Qg7 34. Qe3 Nc4 35. Qf2 Qe5 36. Re1 Qxd5 37. Qh4 Rf8 38. b3 Ne5 39. Kg1 Qd2 40. c4 bxc4 41. bxc4 Nd3 42. Rf1 Qe3+ 43. Kh1 Qe2 44. g4 f4 45. g5 Qe4+ 46. Bg2 Qxc4 47. Qg4 Ne5 48. Qd1 f3 49. Bxf3 Rxf3 50. Rxf3 Qc6 51. Kg2 Qxf3+ 52. Qxf3 Nxf3 53. Kxf3 Kf7 54. Ke4 Ke6 55. h4 d5+ 56. Kd4 Kd6 57. Kd3 Kc5 58. Kc3 d4+ 59. Kd3 Kd5 60. Kd2 Kc4 61. Kc2 d3+ 62. Kd2 Kd4 63. Kd1 Ke3 64. Ke1 Kf3 0-1

[Event "EU-ch U14"]
[Site "Prague"]
[Date "2012.08.17"]
[Round "1"]
[White "Monteriano, Eran"]
[Black "Sanal, Vahap"]
[Result "0-1"]
[WhiteElo "1947"]
[BlackElo "2387"]
[PlyCount "66"]
[EventDate "2012.08.17"]
[EventType "swiss"]
[EventRounds "9"]
[EventCountry "CZE"]
[SourceTitle "CBM 150 Extra"]
[Source "ChessBase"]
[SourceDate "2012.10.19"]
[SourceVersion "1"]
[SourceVersionDate "2012.10.19"]
[SourceQuality "1"]

1. e4 e5 2. Nf3 Nc6 3. Bb5 a6 4. Ba4 Nf6 5. 0-0 Be7 6. Re1 b5 7. Bb3 0-0 8. c3 d6 9. h3 Na5 10. Bc2 d5 11. d4 dxe4 12. Nxe5 c5 13. Bg5 Bb7 14. Nd2 cxd4 15. cxd4 Re8 16. Bxf6 Bxf6 17. Nxe4 Bxe5 18. dxe5 Rxe5 19. Ng3 Qf6 20. Rxe5 Qxe5 21. Qd3 g6 22. a4 b4 23. Rd1 Qxb2 24. Ne4 b3 25. Bb1 Qe5 26. f3 Rc8 27. Qd7 Rf8 28. Nd6 Qe3+ 29. Kh2 Bxf3 30. Rf1 Bc6 31. Qc7 Qe2 32. Rg1 Qe5+ 33. Kh1 Qg3 0-1